| 000 | 00496nam a2200133Ia 4500 | ||
|---|---|---|---|
| 008 | 180523s9999 xx 000 0 und d | ||
| 020 | _a9789719809364 | ||
| 100 | _aWani-Obias, Rhodalyn | ||
| 245 |
_cRhodalyn Wani-Obias, Aaron Abel Mallari, Janet Reguindin-Estrella. _aThe Life and works of Jose Rizal / |
||
| 260 |
_aQuezon City : _bC & E Publishing _c2018 |
||
| 300 |
_aviii, 181 pages : _billustrations ; _ccm. |
||
| 500 | _aIncludes bibliography and index. | ||
| 650 | _aRizal, Jose, 1861-1896. | ||
| 999 |
_c357899 _d357899 |
||